000 00522nmm a2200157Ia 4500
008 251105s9999||||xx |||||||||||||||||und||
020 _a9788431515140
041 _aspa
100 _aDe Ciencias Médicas DVE, Equipo
245 0 _aGuía de la gimnasia correctiva. Para reducir y eliminar dolencias físicas
264 _a[Madrid, España] :
_bDe Vecchi,
_c[Fecha de publicación no identificada]
300 _a0 páginas
650 _aFamily
856 _uhttps://public.digitaliapublishing.com/a/122677
942 _cCF
999 _c80948
_d80948